Southville International School and Colleges
Your cart is empty.
  • Cart
  • Lists
    Public lists Eva Luna New books Lux_list list_1
    Your lists Log in to create your own lists
  • Log in to your account
  • Your cookies
  • Search history
Southville International School and Colleges
  • Advanced search
  • Recent comments
  • Most popular
  • Libraries

Log in to your account

Log in with GOOGLE


If you do not have an external account, but do have a local account, you can still log in:

  1. Home
  2. MARC view: Grand Canyon :
Normal view MARC view ISBD view

Grand Canyon : (Record no. 339894)

[ view plain ]
MARC details
000 -LEADER
fixed length control field 00840nam a2200313Ia 4500
008 - FIXED-LENGTH DATA ELEMENTS--GENERAL INFORMATION
fixed length control field 170711s9999 xx 000 0 und d
020 ## - INTERNATIONAL STANDARD BOOK NUMBER
International Standard Book Number 816524327
050 ## - LIBRARY OF CONGRESS CALL NUMBER
Classification number 917.9
050 ## - LIBRARY OF CONGRESS CALL NUMBER
Item number Z98 2006
100 ## - MAIN ENTRY--PERSONAL NAME
Personal name Zwinger, Ann
245 ## - TITLE STATEMENT
Title Grand Canyon :
245 ## - TITLE STATEMENT
Remainder of title little things in a big place /
245 ## - TITLE STATEMENT
Statement of responsibility, etc by Ann Zwinger ; photographs by Michael Collier.
260 ## - PUBLICATION, DISTRIBUTION, ETC. (IMPRINT)
Place of publication, distribution, etc USA :
260 ## - PUBLICATION, DISTRIBUTION, ETC. (IMPRINT)
Name of publisher, distributor, etc Arizona,
260 ## - PUBLICATION, DISTRIBUTION, ETC. (IMPRINT)
Date of publication, distribution, etc 2006
300 ## - PHYSICAL DESCRIPTION
Extent 79 pages :
300 ## - PHYSICAL DESCRIPTION
Other physical details illustrations ;
300 ## - PHYSICAL DESCRIPTION
Dimensions 25cm.
500 ## - GENERAL NOTE
General note Includes bibliographic reference.
650 ## - SUBJECT ADDED ENTRY--TOPICAL TERM
Topical term or geographic name as entry element Grand Canyon (Ariz.) --
650 ## - SUBJECT ADDED ENTRY--TOPICAL TERM
Topical term or geographic name as entry element Grand Canyon (Ariz.) --
650 ## - SUBJECT ADDED ENTRY--TOPICAL TERM
Topical term or geographic name as entry element Natural history -- Arizona --
650 ## - SUBJECT ADDED ENTRY--TOPICAL TERM
General subdivision Description and travel.
650 ## - SUBJECT ADDED ENTRY--TOPICAL TERM
General subdivision Grand Canyon.
650 ## - SUBJECT ADDED ENTRY--TOPICAL TERM
General subdivision Pictorial works.
700 ## - ADDED ENTRY--PERSONAL NAME
Personal name Collier, Michael.
700 ## - ADDED ENTRY--PERSONAL NAME
Personal name Title.

No items available.

Grand Canyon :

APA

Zwinger A., Collier M. & Title.Grand Canyon. USA: .

Chicago

Zwinger Ann, Collier Michael and Title.Grand Canyon. USA: .

Harvard

Zwinger A., Collier M. and Title.Grand Canyon. USA: .

MLA

Zwinger Ann, Collier Michael and Title.USA: . .

  • Print
  • Cite
  • Add to your cart (remove)
  • Save record
    BIBTEX Dublin Core MARCXML MARC (non-Unicode/MARC-8) MARC (Unicode/UTF-8) MARC (Unicode/UTF-8, Standard) MODS (XML) RIS
  • More searches
    Search for this title in:
    Other Libraries (WorldCat) Other Databases (Google Scholar) Online Stores (Bookfinder.com) Open Library (openlibrary.org)

Exporting to Dublin Core...

SOUTHVILLE LIBRARY

Southville International School and Colleges Library

1281 Tropical Ave. Cor. Luxembourg St., BF Homes International, Las Pinas City

Tel. No. 8256374 / 252358 Loc. 117/146

Powered by Koha